Architectures : The Johnson Wax Building /

Serie documental de televisión que presenta revisiones de varias de las creaciones que han marcado una inflexión en el desarrollo histórico de la arquitectura, centrada principalmente en proyectos y obras edificados entre fines del siglo XVIII e inicios del siglo XXI. El segundo tomo contiene cinco...

Descripció completa

Guardat en:
Dades bibliogràfiques
Autor principal: Copans, Richard (idea original)
Altres autors: Neumann, Stan (idea original) (idea original), Compain, Frédéric (realización) (realización), Compain, Frédéric (guión) (guión), Boffety, Pierre (fotógrafo) (fotógrafo), Yaccelini, Alberto (montaje) (montaje), Goldberg, Daniel (música) (música), Neumann, Stan (realización) (realización), Neumann, Stan (guión) (guión), Copans, Richard (fotógrafo) (fotógrafo), Neumann, Stan (montaje) (montaje), Le Villain, Claire (montaje) (montaje), Adda, Catherine (realización) (realización), Adda, Catherine (guión) (guión), Burgess, Ned (fotógrafo) (fotógrafo), Vermersch, Sophie (montaje) (montaje), Copans, Richard (realización) (realización), Copans, Richard (guión) (guión), Rouffio, Sophie (montaje) (montaje), Monory, Anne-Marguerite (montaje) (montaje)
Format: Diapositiva
Idioma:anglès
Col·lecció:(Architectures ; 2)
Matèries:
Etiquetes: Afegir etiqueta
Sense etiquetes, Sigues el primer a etiquetar aquest registre!

MARC

LEADER 00000ngm^a2200000^a^4500
001 000186897
005 20250521000000.0
009 20260310102243.736
020 |a 1-56580-369-8 
037 |a Acervo ITESO - Biblioteca 
041 |a ING 
082 |a 720. 9  |b ARC V. 2 
100 |a Copans, Richard  |e (idea original) 
240 1 1 |a [Architectures] 
245 1 0 |a Architectures :  |b The Johnson Wax Building /  |c Idea original de R. Copans, S. Neumann ; realización de F. Compain. 
264 |a Estrasburgo, Francia :  |b ARTE,  |c 1998-2001 
264 |a Chicago, EUA :  |b Facets Video [distribución],  |c ca. 2003 
300 |a 1 DVD multirregión  |c (28, 27, 28, 26, 28 min.) 
336 |a imagen móvil bidimensional  |b tdi  |2 rdacontenido 
337 |a video  |b v  |2 rdamedio 
338 |a videodisco  |b vd  |2 rdasoporte 
440 1 |a (Architectures ;  |v 2) 
500 |a Traducción de: Architectures: Le Bâtiment Johnson 
500 |a Traducción de: Architectures: La Galleria Umberto I 
500 |a Traducción de: Architectures: Satolas-TGV: un monument à la campagne 
500 |a Traducción de: Architectures: Les thermes de Pierre 
500 |a Traducción de: Architectures: L'Ecole des Beaux-Arts de Paris: une histoire en abyme 
520 |a Serie documental de televisión que presenta revisiones de varias de las creaciones que han marcado una inflexión en el desarrollo histórico de la arquitectura, centrada principalmente en proyectos y obras edificados entre fines del siglo XVIII e inicios del siglo XXI. El segundo tomo contiene cinco programas, referidos a las siguientes creaciones: 1) La sede de la Johnson and Son Company y la torre adyacente que alberga los laboratorios de investigación en Racine, estado de Wisconsin, Estados Unidos (1936-1939 y 1943-1950), del norteamericano Frank Lloyd Wright (1869-1959); 2) El pasaje conocido como Galería Umberto, en Nápoles, Italia, cuya construcción inició en 1887; 3) La estación del tren de alta velocidad del Aeropuerto de Lyon, Francia, del español Santiago Calatrava; 4) Un centro de relajación y baños termales en el condado de Graubünden (1996), del suizo Peter Zumthor y 5) La Escuela de Bellas Artes de París, del francés Jacques Felix Duban (1798-1870). La cubierta de este DVD anuncia que contiene también un programa dedicado a Villa Dall'ava (1991), en el suburbio parisino de Saint-Cloud, del holandés Rem Koolhaas, pero esta producción no aparece en pantalla. Aunque han sido asentados los títulos correspondientes a la versión doblada al inglés, los discos presentan la opción de reproducir las versiones originales de los programas en lengua francesa y alemana. 
520 |a Suplementos y características especiales: ninguna. 
546 |a Doblaje opcional: alemán, inglés 
586 |a Premio Pritzker 2009: Biografías, crítica e interpretación 
649 |a XX 
650 |a Arquitectos 
650 |a Artistas 
650 |a Documentales 
650 |a Series de Televisión 
650 |a Televisión -  |z Francia -  |y 1990-1999 
650 |a Televisión -  |z Francia -  |y 2000-2009 
650 |a Televisión -  |z Francia -  |y Siglo XX 
650 |a Televisión -  |z Francia -  |y Siglo XXI 
650 |a Arquitectura Industrial -  |z Racine, EUA 
650 |a Corredores y Pasillos -  |z Nápoles, Italia 
650 |a Arcos -  |z Nápoles, Italia 
650 |a Estaciones Ferroviarias -  |z Lyon, Francia 
650 |a Aeropuertos -  |z Lyon, Francia 
650 |a Baños Termales -  |z Graubünden, Suiza 
650 |a Centros de Recreación -  |z Graubünden, Suiza 
650 |a Universidades -  |z París, Francia 
650 |a Vidrio 
650 |a Arquitectura Neoclásica -  |z Francia -  |x Historia y Crítica 
650 |a Arquitectura Neoclásica -  |z Italia -  |x Historia y Crítica 
650 |a Arquitectura Neoclásica -  |x Historia y Crítica 
650 |a Arquitectura Orgánica -  |z EUA -  |x Historia y Crítica 
650 |a Arquitectura Moderna -  |z EUA -  |x Historia y Crítica 
650 |a Arquitectura Moderna -  |x Historia y Crítica 
650 |a Arquitectura Francesa -  |x Historia y Crítica 
650 |a Arquitectura Italiana -  |x Historia y Crítica 
650 |a Arquitectura Norteamericana -  |x Historia y Crítica 
650 |a Arquitectura Suiza -  |x Historia y Crítica 
650 |a Arquitectura -  |x Historia y Crítica -  |x Tema Principal 
650 |a Arte Neoclásico -  |z Francia -  |x Historia y Crítica 
650 |a Arte Neoclásico -  |z Italia -  |x Historia y Crítica 
650 |a Arte Moderno -  |z EUA -  |x Historia y Crítica 
650 |a Arte Moderno -  |x Historia y Crítica 
650 |a Arte Francés -  |x Historia y Crítica 
650 |a Arte Italiano -  |x Historia y Crítica 
650 |a Arte Norteamericano -  |x Historia y Crítica 
650 |a Arte Suizo -  |x Historia y Crítica 
650 |a Arte -  |x Historia y Crítica 
650 |a Calatrava, Santiago 
650 |a Duban, Jacques-Felix 
650 |a Wright, Frank Lloyd 
650 |a Zumthor, Peter 
740 0 |a Architectures :  |b The Galleria Umberto I /  |c Idea original de R. Copans, S. Neumann ; realización de S. Neumann. 
740 0 |a Architectures :  |b Satolas-TGV /  |c Idea original de R. Copans, S. Neumann ; realización de C. Adda. 
740 0 |a Architectures :  |b The Stone Termal Baths /  |c Idea original de R. Copans, S. Neumann ; realización de R. Copans. 
740 0 |a Architectures :  |b The Paris Fine Art School /  |c Idea original de R. Copans, S. Neumann ; realización de C. Adda. 
700 |a Neumann, Stan  |e (idea original) 
700 |a Compain, Frédéric  |e (realización) 
700 |a Compain, Frédéric  |e (guión) 
700 |a Boffety, Pierre  |e (fotógrafo) 
700 |a Yaccelini, Alberto  |e (montaje) 
700 |a Goldberg, Daniel  |e (música) 
700 |a Neumann, Stan  |e (realización) 
700 |a Neumann, Stan  |e (guión) 
700 |a Copans, Richard  |e (fotógrafo) 
700 |a Neumann, Stan  |e (montaje) 
700 |a Le Villain, Claire  |e (montaje) 
700 |a Adda, Catherine  |e (realización) 
700 |a Adda, Catherine  |e (guión) 
700 |a Burgess, Ned  |e (fotógrafo) 
700 |a Vermersch, Sophie  |e (montaje) 
700 |a Copans, Richard  |e (realización) 
700 |a Copans, Richard  |e (guión) 
700 |a Rouffio, Sophie  |e (montaje) 
700 |a Monory, Anne-Marguerite  |e (montaje) 
910 |a Fondo General 
920 |a Audiovisuales - DVDs 
940 |a Películas 
905 |a 302 
901 |a 0500123925  |b IT2  |c DVS  |u 20250521 
902 |a https://opac.biblio.iteso.mx/vufind/Record/000186897